| 000 | 00946nam a2200241 i 4500 | ||
|---|---|---|---|
| 001 | bg | ||
| 245 | 0 | 0 |
_aLwowsko-kresowe korzenie wyższych uczelni Lublina / _cred. Władysław Stążka ; Towarzystwo Miłośników Lwowa i Kresów Południowo-Wschodnich. Oddział w Lublinie. |
| 260 |
_aLublin : _bTMLiKPW, _c2000. |
||
| 300 |
_a244 s. : _bil. (w tym kolor.) ; _c24 cm. |
||
| 504 | _aBibliogr. przy rozdz. - Indeks. | ||
| 651 | 9 |
_aKresy wschodnie Rzeczypospolitej _xszkolnictwo wyższe _y19-20 w. |
|
| 651 | 9 |
_aLublin (woj. lubelskie) _xszkolnictwo wyższe _y20 w. |
|
| 651 | 9 |
_aLwów (Ukraina) _xszkolnictwo wyższe _y19-20 w. |
|
| 700 | 1 |
_aSTĄŻKA, Władysław. _eRed. |
|
| 710 | 0 | _aTowarzystwo Miłośników Lwowa i Kresów Południowo-Wschodnich (Lublin) | |
| 020 | _a8391327124 | ||
| 040 | _cBPK | ||
| 041 | 0 | _apl | |
| 080 | _a378(438)"18/19" | ||
| 920 | _a83-913271-2-4 | ||
| 942 | _cKS | ||
| 008 | s pl f |000 0 pol | ||
| 999 |
_c39982 _d39982 |
||
| 856 |
_uhttp://koha.tu.koszalin.pl/cgi-bin/koha/opac-detail.pl?biblionumber=39982 _yKatalog online BPK |
||